Normal view MARC view
  • PARAMEDICAL

Entry Topical Term

Number of records used in: 10

001 - CONTROL NUMBER

  • control field: 8845

003 - CONTROL NUMBER IDENTIFIER

  • control field: JRU

005 - DATE AND TIME OF LATEST TRANSACTION

  • control field: 20251204121022.0

008 - FIXED-LENGTH DATA ELEMENTS

  • fixed length control field: 251204|| aca||aabn | a|a d

040 ## - CATALOGING SOURCE

  • Original cataloging agency: JRU
  • Transcribing agency: JRU

150 ## - HEADING--TOPICAL TERM

  • Topical term or geographic name as entry element: PARAMEDICAL
  • General subdivision: BMIRT

670 ## - SOURCE DATA FOUND

  • Source citation: Work cat.: (JRU)8799: BAVEJA, C P AND BAVEJA, V. 8670, TEXT AND PRACTICAL MICROBIOLOGY FOR MLT [ 4TH ED.], 2024